000 01439cam a2200385 i 4500
001 48493
003 Mx-PuUPA
005 20251124162920.0
008 140415s2008 sp gr 001 0 spa d
020 _a9788474909401
040 _cMx-PuUPA
_aMx-PuUPA
_bspa
_dMx-PuUPA
_erda
041 1 _aspa
_hita
100 1 _aGiussani, Luigi,
_d1922-2005,
_91679
_eautor
240 1 3 _aIl senso religioso.
_lEspañol
245 1 3 _aEl sentido religioso /
_cLuigi Giussani ; prefacio a la edición de 2008, Francisco Javier Martínez ; tradicción de José Miguel Oriol con la colaboración de Cesare Zafanella y José Miguel García
250 _a10a edición /
_bnoviembre
264 1 _aMadrid, España :
_bEdiciones Encuentro,
_c2008
300 _aPaginación varia ;
_c23 cm
336 _2rdacontent
_atexto
_btxt
337 _2rdamedia
_asin medio
_bn
338 _2rdacarrier
_avolumen
_bnc
490 0 _aCurso Básico de Cristianismo ;
_v1
490 0 _aReligión ;
_v364
650 7 _2armarc
_aReligión
650 7 _2armarc
_aCristianismo
650 7 _2armarc
_aFe y razón
700 1 _aMartínez, Francisco Javier,
_eautor de prefacio
700 1 _aOriol, José Miguel,
_etraductor
700 1 _aZaffanella, Cesare,
_etraductor
700 1 _aGarcía, José Miguel,
_etraductor
765 0 _aGiussani, Luigi
_tIl senso religioso
942 _2ddc
_cLI
_h200
_iG5318
999 _c48493
_d48493